Stochastic finance : an introduction to discrete time

Saved in:
Bibliographic Details
Main Author: Follmer, Hans
Other Authors: Schied, Alexander
Format: Book
Language:English
Published: New York : Walter de Gruyter, 2004
Edition:2nd rev. and extended ed.
Series:De Gruyter studies in mathematics ; ; 27
Subjects:
Tags: Add Tag
No Tags, Be the first to tag this record!

MARC

LEADER 00000nam a2200000 i 4500
001 1/84199
008 080508s2004 eng d
020 |a 3-11-018346-3 
035 |l 10097128 
040 |a GR-MY-UA  |b gre  |e aacr 
041 0 |a eng 
082 0 |a 332.01519232  |2 (22) 
100 1 |a Follmer, Hans. 
245 1 0 |a Stochastic finance :  |b an introduction to discrete time /  |c by Hans Follmer, Alexander Schied 
250 |a 2nd rev. and extended ed. 
260 |a New York :   |b Walter de Gruyter,   |c 2004 
300 |a xi, 459 σ.;  |c 25 εκ. 
490 1 |a De Gruyter studies in mathematics  |v ; 27 
504 |a Περιέχει βιβλιογραφικές παραπομπές και ευρετήριο 
650 0 0 |a Finance  |x Statistical methods. 
650 0 0 |a Stochastic analysis. 
650 0 0 |a Probabilities. 
700 1 |a Schied, Alexander. 
830 0 |a De Gruyter studies in mathematics ;  |v ; 27 
852 |a INST  |b SAMOS  |e 20080508  |h 332.01519232 FOL  |p 005300030418  |q 005300030418  |t BK  |y 0 
901 |a BIBL3-2008-2 
909 |a Σ  |b 151135 
922 |a 3ΕΛΗ  |b 200803  |c ΕΠΕΑΕΚ2/ΤΣΑΕ  |d ΠΑΠΑΣΩΤΗΡΙΟΥ 
970 |a ΡΟΥΣΣΟΥ  |b ΚΩΝΣΤΑΝΤΙΝΑ  |z 2008/05/08